Statistics for The Impossible Quiz ( Part 1 )

Click here to take the quiz!

General Stats

  • This quiz has been taken 40 times
  • The average score is 6 of 10

Answer Stats

HintAnswer% Correct
SKIPSKIP
91%
Say the answerthe answer
91%
Skipskip
88%
sdrawkcab noitseuq siht rewsnaKO
66%
Can a match boxNo but a tin can
56%
How many holes in a poloFour
50%
√onionshallot
47%
The answer is really bigElephant
44%
What was the answer to question 2No but a tin can
44%
Choose foodteeth
34%

Score Distribution

Percentile by Number Answered

Percent of People with Each Score

Your Score History

You have not taken this quiz